000 00815pam a2200265 i 4500
001 2748
003 FISKH
005 20240112103134.0
008 760512r1966 nyu j 000 1 eng
010 _a 76007879
020 _a0060260920 :
040 _aDLC
_cDLC
_dDLC
_beng
042 _alcac
050 0 0 _aPZ7.T354
_bFe4
082 0 0 _a[Fic]
100 1 _aThiele, Colin.
245 1 0 _aFebruary Dragon /
_cColin Thiele.
260 _aAdelaide :
_bRigby Limited,
_c1965.
300 _a174 pages :
_c20 cm
520 _aThe lives of three Australian children are cruelly affected when a bushfire known as the February Dragon sweeps across the countryside.
650 1 _aForest fires
_xFiction.
651 1 _aAustralia
_xFiction.
906 _a7
_bcbc
_corignew
_d1
_eocip
_f19
_gy-gencatlg
942 _2ddc
_cBK
_n0
999 _c2748
_d2748